Estatísticas para Bandeiras de Países com a Maior Quantidade de Amarelo

Clique aqui para jogar o quiz

Estatísticas Gerais

  • Esse quiz foi jogado 7 129 vezes
  • A pontuação média é 7 de 8

Estatísticas das Respostas

Resposta% Correto
Espanha
99%
Colômbia
98%
Ucrânia
97%
Equador
95%
Vaticano
95%
Butão
88%
Brunei
71%
São Vicente e Granadinas
60%

Distribuição das Pontuações

Percentil de Números Respondidos

Porcentagem de Pessoas com Cada Pontuação

Sua Pontuação Histórica

Você não jogou esse quiz